Movies at the Half-Hour Mark (1980s III) Quiz Stats

 Plays Quiz Updated Mar 17, 2018

Score 0/20 Timer 05:00
5 Plays Today
% Correct
The Blues Brothers
96.8%
Who Framed Roger Rabbit?
87.5%
Scarface
85%
Raiders of the Lost Ark
75.7%
Little Shop of Horrors
73.7%
This is Spinal Tap
68.8%
Pee-wee's Big Adventure
68.8%
WarGames
68.4%
Ferris Bueller's Day Off
65.8%
Wall Street
65%
% Correct
Short Circuit
59.5%
Aliens
59%
The Road Warrior
55.5%
Brewster's Millions
38.4%
My Neighbor Totoro
28.5%
Blue Velvet
28.2%
Earth Girls Are Easy
26.2%
Hannah and Her Sisters
25.5%
Big Trouble in Little China
22%
Drugstore Cowboy
10.8%

You're not logged in!

Compare scores with friends on all Sporcle quizzes.
OR
Log In

You Might Also Like...

Show Comments

Extras

Top Quizzes Today


Score Distribution

Your Account Isn't Verified!

In order to create a playlist on Sporcle, you need to verify the email address you used during registration. Go to your Sporcle Settings to finish the process.

Report this User

Report this user for behavior that violates our Community Guidelines.

Details: